|
|
|
|
| LEADER |
04404nam a22006015i 4500 |
| 001 |
978-0-8176-4995-1 |
| 003 |
DE-He213 |
| 005 |
20151030071104.0 |
| 007 |
cr nn 008mamaa |
| 008 |
101013s2011 xxu| s |||| 0|eng d |
| 020 |
|
|
|a 9780817649951
|9 978-0-8176-4995-1
|
| 024 |
7 |
|
|a 10.1007/978-0-8176-4995-1
|2 doi
|
| 040 |
|
|
|d GrThAP
|
| 050 |
|
4 |
|a QA370-380
|
| 072 |
|
7 |
|a PBKJ
|2 bicssc
|
| 072 |
|
7 |
|a MAT007000
|2 bisacsh
|
| 082 |
0 |
4 |
|a 515.353
|2 23
|
| 100 |
1 |
|
|a Calin, Ovidiu.
|e author.
|
| 245 |
1 |
0 |
|a Heat Kernels for Elliptic and Sub-elliptic Operators
|h [electronic resource] :
|b Methods and Techniques /
|c by Ovidiu Calin, Der-Chen Chang, Kenro Furutani, Chisato Iwasaki.
|
| 250 |
|
|
|a 1.
|
| 264 |
|
1 |
|a Boston :
|b Birkhäuser Boston,
|c 2011.
|
| 300 |
|
|
|a XVIII, 436 p. 25 illus.
|b online resource.
|
| 336 |
|
|
|a text
|b txt
|2 rdacontent
|
| 337 |
|
|
|a computer
|b c
|2 rdamedia
|
| 338 |
|
|
|a online resource
|b cr
|2 rdacarrier
|
| 347 |
|
|
|a text file
|b PDF
|2 rda
|
| 490 |
1 |
|
|a Applied and Numerical Harmonic Analysis
|
| 505 |
0 |
|
|a Part I. Traditional Methods for Computing Heat Kernels -- Introduction -- Stochastic Analysis Method -- A Brief Introduction to Calculus of Variations -- The Path Integral Approach -- The Geometric Method -- Commuting Operators -- Fourier Transform Method -- The Eigenfunctions Expansion Method -- Part II. Heat Kernel on Nilpotent Lie Groups and Nilmanifolds -- Laplacians and Sub-Laplacians -- Heat Kernels for Laplacians and Step 2 Sub-Laplacians -- Heat Kernel for Sub-Laplacian on the Sphere S^3 -- Part III. Laguerre Calculus and Fourier Method -- Finding Heat Kernels by Using Laguerre Calculus -- Constructing Heat Kernel for Degenerate Elliptic Operators -- Heat Kernel for the Kohn Laplacian on the Heisenberg Group -- Part IV. Pseudo-Differential Operators -- The Psuedo-Differential Operators Technique -- Bibliography -- Index.
|
| 520 |
|
|
|a This monograph is a unified presentation of several theories of finding explicit formulas for heat kernels for both elliptic and sub-elliptic operators. These kernels are important in the theory of parabolic operators because they describe the distribution of heat on a given manifold as well as evolution phenomena and diffusion processes. The work is divided into four main parts: Part I treats the heat kernel by traditional methods, such as the Fourier transform method, paths integrals, variational calculus, and eigenvalue expansion; Part II deals with the heat kernel on nilpotent Lie groups and nilmanifolds; Part III examines Laguerre calculus applications; Part IV uses the method of pseudo-differential operators to describe heat kernels. Topics and features: •comprehensive treatment from the point of view of distinct branches of mathematics, such as stochastic processes, differential geometry, special functions, quantum mechanics, and PDEs; •novelty of the work is in the diverse methods used to compute heat kernels for elliptic and sub-elliptic operators; •most of the heat kernels computable by means of elementary functions are covered in the work; •self-contained material on stochastic processes and variational methods is included. Heat Kernels for Elliptic and Sub-elliptic Operators is an ideal reference for graduate students, researchers in pure and applied mathematics, and theoretical physicists interested in understanding different ways of approaching evolution operators.
|
| 650 |
|
0 |
|a Mathematics.
|
| 650 |
|
0 |
|a Harmonic analysis.
|
| 650 |
|
0 |
|a Operator theory.
|
| 650 |
|
0 |
|a Partial differential equations.
|
| 650 |
|
0 |
|a Differential geometry.
|
| 650 |
|
0 |
|a Probabilities.
|
| 650 |
|
0 |
|a Physics.
|
| 650 |
1 |
4 |
|a Mathematics.
|
| 650 |
2 |
4 |
|a Partial Differential Equations.
|
| 650 |
2 |
4 |
|a Mathematical Methods in Physics.
|
| 650 |
2 |
4 |
|a Operator Theory.
|
| 650 |
2 |
4 |
|a Differential Geometry.
|
| 650 |
2 |
4 |
|a Probability Theory and Stochastic Processes.
|
| 650 |
2 |
4 |
|a Abstract Harmonic Analysis.
|
| 700 |
1 |
|
|a Chang, Der-Chen.
|e author.
|
| 700 |
1 |
|
|a Furutani, Kenro.
|e author.
|
| 700 |
1 |
|
|a Iwasaki, Chisato.
|e author.
|
| 710 |
2 |
|
|a SpringerLink (Online service)
|
| 773 |
0 |
|
|t Springer eBooks
|
| 776 |
0 |
8 |
|i Printed edition:
|z 9780817649944
|
| 830 |
|
0 |
|a Applied and Numerical Harmonic Analysis
|
| 856 |
4 |
0 |
|u http://dx.doi.org/10.1007/978-0-8176-4995-1
|z Full Text via HEAL-Link
|
| 912 |
|
|
|a ZDB-2-SMA
|
| 950 |
|
|
|a Mathematics and Statistics (Springer-11649)
|